00000000cam 2200000zi 4500
0019.963191
003CaOODSP
00520260529140154
006m     o  d f      
007cr bn ||||||||
008260529e20260526onc     ol   f000 0 fre d
040 |aCaOODSP|bfre|erda|cCaOODSP
041 |afre|aeng
043 |an-cn---
0861 |aYB451-214/3-PDF
1101 |aCanada. |bParlement. |bSénat, |eorganisme de publication.
24513|aAn Act to amend the Special Economic Measures Act (disposal of foreign state assets) = |bLoi modifiant la Loi sur les mesures économiques spéciales (disposition des biens d'un État étranger).
24631|aLoi modifiant la Loi sur les mesures économiques spéciales (disposition des biens d'un État étranger)
264 1|a[Ottawa] : |bSenate of Canada = Sénat du Canada, |cle 26 mai 2026.
300 |a1 ressource en ligne (ii, 2 pages).
336 |atexte|btxt|2rdacontent/fre
337 |ainformatique|bc|2rdamedia/fre
338 |aressource en ligne|bcr|2rdacarrier/fre
4901 |aProjet de loi S-... ; |vProjet de loi S-214, 1re session, 45e législature
500 |a« Première session, quarante-cinquième législature, 3-4 Charles III, 2025-2026. »
500 |a« Adopté par le Sénat le 26 mai 2026. »
520 |a« Le texte modifie la Loi sur les mesures économiques spéciales afin d'autoriser le gouverneur en conseil à disposer des biens d'un État étranger qui ont été saisis sous le régime de cette loi en l'absence d'ordonnance judiciaire » -- Sommaire, page ii.
546 |aTexte en français et en anglais.
61016|aCanada. |tLoi sur les mesures économiques spéciales.
650 6|aPropriété étrangère|xDroit|zCanada|vLégislation.
655 7|aProjets de loi|2rvmgf
788 |tAn Act to amend the Special Economic Measures Act (disposal of foreign state assets) = |eeng|w(CaOODSP)9.963190
830#0|aProjet de loi S-...|vProjet de loi S-214, 1re session, 45e législature.|w(CaOODSP)9.500666
85640|qPDF|s131 Ko|uhttps://publications.gc.ca/collections/collection_2026/sen/YB451-214-3.pdf
8564 |qHTML|sS.O.|uhttps://www.parl.ca/documentviewer/fr/45-1/projet-loi/S-214/troisieme-lecture
986 |a4512327